Synthesis of volumetric radiological data using deep learning methods

Guardado en:
Detalles Bibliográficos
Autor principal: Stahovec, Marko (Autor)
Otros Autores: Benešová, Vanda (Orientador)
Formato: Manuscrito Libro
Lenguaje:eslovaco
inglés
Publicado: 2025
Materias:
Acceso en línea:http://is.stuba.sk/zp/portal_zp.pl?podrobnosti=183680
Etiquetas: Agregar Etiqueta
Sin Etiquetas, Sea el primero en etiquetar este registro!

MARC

LEADER 00000ntm a22000003a 4500
001 stuzp105859
003 SK-STU
005 20250607211843.5
007 ta
008 150427s2015----xo-----f-mn---000-0-slo-d
040 |a STU  |b slo 
041 0 |a eng 
100 1 |a Stahovec, Marko  |u 070400  |4 aut  |U FIIT Fakulta informatiky a informačných technológií  |T FIIT Ústav počítačového inžinierstva a aplikovanej informatiky  |X 110897  |U I400  |Y 672  |7 110897 
242 0 1 |a Syntéza volumetrických rádiologických dát metódami hlbokého učenia  |y slo 
245 1 0 |a Synthesis of volumetric radiological data using deep learning methods 
260 |c 2025 
650 4 |a transformers  |2 eng 
650 4 |a diffusion  |2 eng 
650 4 |a MRI  |2 eng 
650 4 |a deep learning  |2 eng 
650 4 |a data synthesis  |2 eng 
650 4 |a hlboké učenie  |2 slo 
650 4 |a syntéza dát  |2 slo 
650 4 |a transformery  |2 slo 
650 4 |a difúzne modely  |2 slo 
650 4 |a MRI  |2 slo 
700 1 |a Benešová, Vanda  |u 070400  |k Z1  |4 ths  |U FIIT Fakulta informatiky a informačných technológií  |T FIIT Ústav počítačového inžinierstva a aplikovanej informatiky  |X 63121  |U I400  |Y 672  |7 63121 
856 4 |u http://is.stuba.sk/zp/portal_zp.pl?podrobnosti=183680